<?xml version="1.0" encoding="UTF-8"?>
<marc:record xmlns:marc="http://www.loc.gov/MARC21/slim">
   <marc:leader>00000nam a2200000 a 4500</marc:leader>
   <marc:datafield ind1="0" ind2="0" tag="245">
      <marc:subfield code="a">Der Marsianer</marc:subfield>
   </marc:datafield>
   <marc:datafield ind1="0" ind2="0" tag="245">
      <marc:subfield code="b">Rettet Mark Watney</marc:subfield>
   </marc:datafield>
   <marc:datafield ind1=" " ind2="1" tag="264">
      <marc:subfield code="b">DVD</marc:subfield>
      <marc:subfield code="c">2015</marc:subfield>
   </marc:datafield>
   <marc:datafield ind1="1" ind2=" " tag="520">
      <marc:subfield code="a">Während einer bemannten Mission auf dem Mars wird der amerikanische Astronaut Mark Watney für tot gehalten und von seiner Crew zurückgelassen. Doch Watney ist noch am Leben und muss nun einen Weg finden, die Erde zu kontaktieren und auf einem lebensfeindlichen Planeten mit knappen Vorräten zu überleben.</marc:subfield>
   </marc:datafield>
</marc:record>
